| 000 | 00687cab a2200205 4500 | ||
|---|---|---|---|
| 001 | WB2634-13 | ||
| 008 | 090401t1990 xxu||||| |||| 00| 0 eng d | ||
| 035 | _a(Sirsi) u51712 | ||
| 041 | _aeng | ||
| 245 | _aGloomy outlook for institutions | ||
| 260 | _c1990 | ||
| 350 | _a0 | ||
| 490 |
_aFinancial Adviser _vno 169, 30/8/90 p5 |
||
| 520 | _aA survey by market researchers Signal International reveals that financial services institutions which have relied heavily on the housing market are the "most vulnerable to recession ". | ||
| 650 | _aFINANCIAL INSTITUTIONS | ||
| 650 | _aSLUMP | ||
| 690 | _aPROPERTY-PROPERTY FINANCE AND INVESTMENT | ||
| 942 | _n0 | ||
| 948 | _c04/03/1997 | ||
| 999 |
_c32089 _d32089 |
||